Моделирование рынка: как спрогнозировать успех нового продукта (Record no. 338334)

MARC details
000 -Лідер
fixed length control field 00694nam a22002417a 4500
003 - Ідентифікатор контрольного номера
control field UA-OsUOA
001 - Контрольний номер
control field 52246
007 - Фіксоване поле фізичного опису
fixed length control field ta
008 - Елементи даних фіксованої довжини – загальна інформація
fixed length control field 20080206b un ||||| |||| 00| 0 ukr d
090 ## - Локальний шифр розміщення
Класифікаційний індекс УДК 339.1
Авторський знак (НП) К48
040 ## - Джерело каталогізації
Агенція оригінальної каталогізації UA-OsUOA
Мова каталогізації ukr
Агенція, яка здійснювала перезапис UA-OsUOA
Агенція, яка здійснювала модифікацію UA-OsUOA
041 ## - Код мови
Код мови тексту/ звукової доріжки чи окремого заголовка (П) ukr
080 ## - Індекс Універсальної десяткової класифікації
Індекс Універсальної десяткової класифікації (УДК) (НП) 339.1
100 ## - Основне введення – ім’я особи
Ім’я особи (НП) Кленси
245 ## - Відомості про назву
Назва (НП) Моделирование рынка: как спрогнозировать успех нового продукта
260 ## - Публікація, розповсюдження і т.п. (Вихідні дані)
Місце публікації, розповсюдження і т.п. (П) М.
Ім’я/ наймення видавництва, розповсюджувача і т.п. (П) Вершина
Дата публікації, розповсюдження і т.п. (П) 2007
300 ## - Фізичний опис
Обсяг 272 с.
650 #7 - Додаткове предметне введення – тематичний термін
Тематичний термін чи географічна назва, як елемент введення (НП) 339.1 Загальні питання торгівлі. Ринок
Джерело заголовка чи терміна UDC
700 ## - Додаткове введення – ім'я особи
Ім’я особи (НП) Кевин Дж.
942 ## - Додаткові елементи входу (Коха)
Тип елемента Koha Books
955 ## - Код типу видання за змістом
Код типу видання за змістом (НП) Навчальні видання
Holdings
Стан вилучень Стан втрат Джерело класифікації або схеми стелажів Стан уражень Не для кредиту Постійне місце розташування Поточне розміщення Дата придбання Джерело придбання Вартість, звичайна ціна покупки Інвентарний номер Усього замовленно Повний номер виклику Штрих-код Дата останнього перегляду Ціна ефективна від Тип елемента Koha
    Universal Decimal Classification     АБ - Абонемент НБ АБ - Абонемент НБ 06/02/2008 15/2008 87.80 110876   339.1 К48 110876 08/12/2021 06/02/2008 Books
    Universal Decimal Classification     АБ - Абонемент НБ АБ - Абонемент НБ 06/02/2008 15/2008 87.80 110877   339.1 К48 110877 08/12/2021 06/02/2008 Books
    Universal Decimal Classification     АБ - Абонемент НБ АБ - Абонемент НБ 06/02/2008 15/2008 87.80 110878   339.1 К48 110878 08/12/2021 06/02/2008 Books
    Universal Decimal Classification     АБ - Абонемент НБ АБ - Абонемент НБ 06/02/2008 15/2008 87.80 110879   339.1 К48 110879 08/12/2021 06/02/2008 Books
    Universal Decimal Classification     АБ - Абонемент НБ АБ - Абонемент НБ 06/02/2008 15/2008 87.80 110880   339.1 К48 110880 08/12/2021 06/02/2008 Books
    Universal Decimal Classification     АБ - Абонемент НБ АБ - Абонемент НБ 06/02/2008 15/2008 87.80 110881   339.1 К48 110881 08/12/2021 06/02/2008 Books
    Universal Decimal Classification     АБ - Абонемент НБ АБ - Абонемент НБ 06/02/2008 15/2008 87.80 110882   339.1 К48 110882 08/12/2021 06/02/2008 Books
    Universal Decimal Classification     ЧЗ - Читальна зала ЧЗ - Читальна зала 06/02/2008 15/2008 87.80 110871   339.1 К48 110871 06/02/2022 06/02/2008 Books
    Universal Decimal Classification     ЧЗ - Читальна зала ЧЗ - Читальна зала 06/02/2008 15/2008 87.80 110872   339.1 К48 110872 06/02/2022 06/02/2008 Books
    Universal Decimal Classification     ЧЗ - Читальна зала ЧЗ - Читальна зала 06/02/2008 15/2008 87.80 110873   339.1 К48 110873 06/02/2022 06/02/2008 Books
    Universal Decimal Classification     ЧЗ - Читальна зала ЧЗ - Читальна зала 06/02/2008 15/2008 87.80 110874   339.1 К48 110874 06/02/2022 06/02/2008 Books
    Universal Decimal Classification     ЧЗ - Читальна зала ЧЗ - Читальна зала 06/02/2008 15/2008 87.80 110875   339.1 К48 110875 06/02/2022 06/02/2008 Books